000
00264nam a22000977a 4500
008
240219b |||||||| |||| 00| 0 eng d
082
_a
C ARRP Ej.1
100
1
0
_a
Arroyo Pizarro, Yolanda
_e
autor
_9
43448
245
_a
Pelo bueno /
_c
Yolanda Arroyo Pizarro
942
_2
ddc
999
_c
30624
_d
17008